Question Bank Mental Health Nursing (Record no. 249138)

MARC details
000 -LEADER
fixed length control field 00343pam a2200133a 44500
008 - FIXED-LENGTH DATA ELEMENTS--GENERAL INFORMATION
fixed length control field 230405s2004 xxu||||| |||| 00| 0 eng d
020 ## - INTERNATIONAL STANDARD BOOK NUMBER
International Standard Book Number 8180613348
Terms of availability Rs. 120
082 ## - DEWEY DECIMAL CLASSIFICATION NUMBER
Classification number 616.89
Item number SRE
100 ## - MAIN ENTRY--PERSONAL NAME
Personal name Sreevani, S
245 ## - TITLE STATEMENT
Title Question Bank Mental Health Nursing
260 ## - PUBLICATION, DISTRIBUTION, ETC.
Place of publication, distribution, etc. New Delhi
Name of publisher, distributor, etc. Jaypee Pub
Date of publication, distribution, etc. 2004
300 ## - PHYSICAL DESCRIPTION
Extent 311 p
906 ## - LOCAL DATA ELEMENT F, LDF (RLIN)
a 000399

No items available.